Top Public Universities - Statistics

General Stats
  • This quiz has been taken 65 times
  • The average score is 29 of 50
Answer Stats
Rank Answer % Correct
#1 (tie) University of California, Los Angeles
90%
#3 University of Michigan-Ann Arbor
90%
#6 (tie) University of Florida
88%
#9 University of Texas at Austin
88%
#1 (tie) University of California, Berkeley
85%
#15 (tie) University of Washington
83%
#28 (tie) The Pennsylvania State University
81%
#4 University of North Carolina at Chapel Hill
81%
#5 University of Virginia
81%
#12 (tie) University of Illinois Urbana-Champaign
79%
#49 (tie) University of Oregon
79%
#34 (tie) Indiana University-Bloomington
77%
#17 (tie) The Ohio State University
77%
#20 (tie) University of Georgia
77%
#12 (tie) University of Wisconsin-Madison
77%
#19 University of Maryland, College Park
75%
#23 (tie) University of Minnesota, Twin Cities
71%
#23 (tie) Florida State University
69%
#15 (tie) Rutgers University-New Brunswick
69%
#10 (tie) Georgia Institute of Technology
63%
#45 (tie) Temple University
63%
#6 (tie) University of California, Davis
63%
#10 (tie) University of California, Irvine
63%
#6 (tie) University of California, San Diego
63%
#12 (tie) University of California, Santa Barbara
60%
#26 (tie) University of Connecticut
60%
#32 (tie) University of Massachusetts-Amherst
60%
#47 (tie) University of Iowa
58%
#23 (tie) College of William & Mary
54%
#36 (tie) University at Buffalo, the State University of New York
54%
#36 (tie) University of Delaware
54%
#20 (tie) Virginia Polytechnic Institute and State University
52%
#20 (tie) Texas A&M University
50%
#28 (tie) North Carolina State University
48%
#17 (tie) Purdue University
46%
#32 (tie) University of Pittsburgh
46%
#28 (tie) Michigan State University
44%
#40 (tie) University of California, Santa Cruz
44%
#36 (tie) University of California, Riverside
42%
#26 (tie) State University of New York at Stony Brook
40%
#28 (tie) University of California, Merced
40%
#47 (tie) Auburn University
38%
#34 (tie) State University of New York at Binghamton
38%
#45 (tie) University of South Florida
31%
#43 (tie) Clemson University
29%
#40 (tie) University of Illinois-Chicago
21%
#36 (tie) Colorado School of Mines
15%
#43 (tie) New Jersey Institute of Technology
15%
#49 (tie) Rutgers University-Camden
4%
#40 (tie) Rutgers University-Newark
4%
No matching quizzes found
Score Distribution
Percent of People with Each Score
Percentile by Number Answered
Your Score History
You have not taken this quiz